| 000 | 00377nam a22001337a 4500 | ||
|---|---|---|---|
| 005 | 20250314194229.0 | ||
| 008 | 250314b |||||||| |||| 00| 0 eng d | ||
| 050 |
_aKNS856 _b.J11 1997 |
||
| 100 | _aJain, D. P. | ||
| 245 |
_aMercantile Law / D. P. Jain _cD. P. Jain |
||
| 260 |
_aNew Delhi ; _bKonark Publishers PVT Ltd. _cc 1997 |
||
| 300 | _axxxvi, 581 p, ; | ||
| 942 |
_2lcc _cBK _n0 |
||
| 999 |
_c4839 _d4839 |
||